[Event "HUN Team League Csongrad Region 2018-19 "]
[Site "Csongrád County"]
[Date "2019.02.03"]
[Round "6.1"]
[White "Adok, Janos"]
[Black "Varga, Gabor"]
[Result "1-0"]
[WhiteElo "2218"]
[BlackElo "1837"]
[PlyCount "97"]
[EventDate "2018.09.30"]
[WhiteTeam "Vásárhelyi Pákozdy FSSE"]
[BlackTeam "Meritum SE III."]

1. c4 Nf6 2. Nc3 g6 3. d4 Bg7 4. e4 d6 5. f3 O-O 6. Be3 b6 7. Bd3 Bb7 8. Nge2
Nbd7 9. Qd2 c5 10. d5 Ne5 11. b3 a6 12. O-O Bc8 13. a4 Rb8 14. Rab1 Bd7 15. h3
Nxd3 16. Qxd3 Qe8 17. f4 b5 18. e5 Bf5 19. Qd2 b4 20. exf6 bxc3 21. Nxc3 Bxf6
22. Rb2 Qd8 23. g4 Qa5 24. Rc1 Bd7 25. Qd3 Bxc3 26. Rxc3 Bxa4 27. Ra2 Rxb3 28.
Rxb3 Qe1+ 29. Kg2 Bxb3 30. Qxb3 a5 31. Bf2 Qb4 32. Qxb4 axb4 33. Be1 f6 34. Kf3
Kf7 35. Ke4 Rb8 36. Bd2 Rb7 37. Bc1 Kg7 38. Bb2 Kf7 39. Ra8 h6 40. h4 Rd7 41.
h5 gxh5 42. gxh5 Rb7 43. Kf5 Rc7 44. Ke4 Kg7 45. Kd3 Kf7 46. f5 Kg7 47. Kc2 Rb7
48. Kb3 Kh7 49. Bc1 1-0

[Event "HUN Team League Csongrad Region 2018-19 "]
[Site "Csongrád County"]
[Date "2019.02.03"]
[Round "6.1"]
[White "Kurucz, Gergely"]
[Black "Abraham, Zoltan"]
[Result "1-0"]
[WhiteElo "1584"]
[BlackElo "1830"]
[PlyCount "85"]
[EventDate "2018.09.30"]
[WhiteTeam "Meritum SE III."]
[BlackTeam "Vásárhelyi Pákozdy FSSE"]

1. e4 d5 2. exd5 Qxd5 3. Nc3 Qd8 4. Nf3 Bf5 5. Bc4 e6 6. O-O Nf6 7. d4 Be7 8.
Nh4 Bg4 9. Nf3 c6 10. Be2 O-O 11. Ne5 Bxe2 12. Nxe2 h6 13. c3 Nbd7 14. Bf4 Nxe5
15. Bxe5 Nd7 16. Bg3 Nb6 17. Nc1 a5 18. Nd3 Nd5 19. Qg4 a4 20. Nf4 Nf6 21. Qf3
Ra5 22. Nd3 Rf5 23. Qe2 Bd6 24. Be5 Qc7 25. f4 h5 26. h3 h4 27. Rf3 Nh5 28. Kh2
Re8 29. Nf2 Nxf4 30. Bxf4 Rxf4 31. Kg1 Ra8 32. Rxf4 Bxf4 33. Qg4 Bh2+ 34. Kh1
Bg3 35. Nd3 Ra5 36. Rf1 Qe7 37. Nc5 b6 38. Ne4 Bc7 39. Nf6+ Kf8 40. Nh7+ Ke8
41. Qxg7 Rf5 42. Rxf5 exf5 43. Nf6+ 1-0

[Event "HUN Team League Csongrad Region 2018-19 "]
[Site "Csongrád County"]
[Date "2019.02.03"]
[Round "6.1"]
[White "Buzas, Andras"]
[Black "Fulop, Csilla"]
[Result "1/2-1/2"]
[WhiteElo "1732"]
[BlackElo "1447"]
[PlyCount "65"]
[EventDate "2018.09.30"]
[WhiteTeam "Vásárhelyi Pákozdy FSSE"]
[BlackTeam "Meritum SE III."]

1. Nf3 d5 2. b3 Nf6 3. Bb2 e6 4. d3 Be7 5. g3 c6 6. Bg2 Nbd7 7. O-O O-O 8. Nbd2
Nc5 9. Rc1 Bd6 10. a3 a5 11. c4 Qe7 12. Bxf6 Qxf6 13. d4 Ne4 14. c5 Nxd2 15.
Qxd2 Bc7 16. Qd3 Ra6 17. b4 axb4 18. axb4 b5 19. Ra1 Bb8 20. Qc3 Rd8 21. Rxa6
Bxa6 22. e3 Rc8 23. Qa3 Bb7 24. Ne1 h6 25. Nd3 e5 26. dxe5 Bxe5 27. Qa7 Rb8 28.
e4 dxe4 29. Bxe4 Bc7 30. Re1 Qd8 31. Qa2 Ra8 32. Qb3 Qf6 33. Kg2 1/2-1/2

[Event "HUN Team League Csongrad Region 2018-19 "]
[Site "Csongrád County"]
[Date "2019.02.03"]
[Round "6.1"]
[White "Farkas, Virag"]
[Black "Bene, Zoltan"]
[Result "1-0"]
[WhiteElo "1396"]
[BlackElo "1688"]
[PlyCount "88"]
[EventDate "2018.09.30"]
[WhiteTeam "Meritum SE III."]
[BlackTeam "Vásárhelyi Pákozdy FSSE"]

1. d4 d5 2. e3 Nf6 3. Bd3 g6 4. Nf3 Bg7 5. Nbd2 Nbd7 6. e4 dxe4 7. Nxe4 Nxe4 8.
Bxe4 Nf6 9. Bd3 Bg4 10. c3 Qd7 11. h3 Qe6+ 12. Be3 Bf5 13. Qa4+ c6 14. Ng5 Qd7
15. Bc4 Nd5 16. Qb3 b5 17. Be2 h6 18. Nf3 O-O 19. c4 bxc4 20. Bxc4 Rab8 21. Qa3
Nb4 22. Bb3 Bc2 23. O-O Be4 24. Ne5 Qb7 25. Bd2 Nc2 26. Bxc2 Bxc2 27. b3 c5 28.
Bf4 cxd4 29. Qc1 d3 30. Qd2 g5 31. Bg3 Qd5 32. Rae1 Rbc8 33. Re3 Rfd8 34. Rfe1
e6 35. f4 Bf6 36. Nf3 Qc5 37. fxg5 hxg5 38. Bf2 Bc3 39. Qc1 Bxe1 40. Qxe1 Qc3
41. Nd2 Re8 42. Re4 Rcd8 43. Qe3 Qf6 44. Bg3 Qd4 1-0

[Event "HUN Team League Csongrad Region 2018-19 "]
[Site "Csongrád County"]
[Date "2019.02.03"]
[Round "6.1"]
[White "Markus, Molli Amina"]
[Black "Tamas, Attila"]
[Result "1-0"]
[WhiteElo "1691"]
[BlackElo "1318"]
[PlyCount "91"]
[EventDate "2018.09.30"]
[WhiteTeam "Vásárhelyi Pákozdy FSSE"]
[BlackTeam "Meritum SE III."]

1. c4 g6 2. Nc3 Bg7 3. g3 Bxc3 4. dxc3 e5 5. Bg2 d6 6. Nf3 Nc6 7. O-O Be6 8. b3
Qd7 9. Ng5 Nge7 10. Bd5 h6 11. Bxe6 fxe6 12. Ne4 Ng8 13. Qd3 O-O-O 14. Qf3 Qe7
15. b4 Rf8 16. Qe3 b6 17. Nd2 Nf6 18. a4 Rf7 19. a5 Kb7 20. axb6 cxb6 21. h3 g5
22. Ne4 d5 23. Nxf6 Qxf6 24. cxd5 exd5 25. Qd3 Rd8 26. Bb2 e4 27. Qd2 d4 28.
cxd4 Nxd4 29. Qe3 Qe5 30. Rad1 Rfd7 31. Kg2 Qd5 32. Rxd4 Qe6 33. Rxd7+ Rxd7 34.
Rc1 g4 35. h4 h5 36. Qc3 Re7 37. Qe3 Qd5 38. Rc2 Qd6 39. Rc4 Qd5 40. Rd4 Qe6
41. Kh2 Re8 42. b5 Qf5 43. Rb4 Qd5 44. Qh6 Rc8 45. Qh7+ Rc7 46. Qxe4 1-0

[Event "HUN Team League Csongrad Region 2018-19 "]
[Site "Csongrád County"]
[Date "2019.02.03"]
[Round "6.2"]
[White "Balogh, Ferenc"]
[Black "Martonosi, Adam"]
[Result "1/2-1/2"]
[WhiteElo "1929"]
[BlackElo "1906"]
[PlyCount "156"]
[EventDate "2018.09.30"]
[WhiteTeam "Maróczy Géza SE VI."]
[BlackTeam "Makói SVSE III."]

1. Nf3 g6 2. c3 Bg7 3. d3 d5 4. Qc2 Nf6 5. e4 dxe4 6. dxe4 O-O 7. Bc4 Nc6 8.
O-O e5 9. Bg5 Qe7 10. h3 Be6 11. Nbd2 Rfd8 12. Rfe1 Bxc4 13. Nxc4 Qe6 14. Qe2
Rd7 15. Bxf6 Bxf6 16. Ne3 Ne7 17. b3 c6 18. Rad1 Rad8 19. Rxd7 Rxd7 20. Rd1 h6
21. Rxd7 Qxd7 22. Ng4 Kg7 23. Qe3 Ng8 24. Qxa7 Bd8 25. Qe3 f6 26. Qd2 Qe7 27.
Ne3 Bc7 28. a4 Qe6 29. c4 Ne7 30. g4 f5 31. gxf5 gxf5 32. exf5 Nxf5 33. Nxf5+
Qxf5 34. Kg2 Qg6+ 35. Kf1 Qf5 36. Ng1 e4 37. Qe2 Qe5 38. Qg4+ Kf6 39. Qg8 Qd6
40. Qh8+ Kf5 41. Qh7+ Ke5 42. Qg7+ Kf5 43. Qg4+ Ke5 44. Ne2 Kf6 45. Qxe4 Qd1+
46. Kg2 Qxb3 47. Qf3+ Qxf3+ 48. Kxf3 Bb6 49. Kg3 Kf5 50. f3 Be3 51. Kh4 Bf2+
52. Kh5 Be3 53. h4 Bf2 54. Kxh6 Bxh4 55. Kg7 Ke5 56. Kg6 Kd6 57. f4 Kc5 58. f5
Kxc4 59. f6 Bxf6 60. Kxf6 Kb4 61. Ke5 Kxa4 62. Kd4 Kb4 63. Kd3 Kb3 64. Nd4+ Kb4
65. Nc2+ Kc5 66. Kc3 b5 67. Nb4 Kb6 68. Nxc6 Kxc6 69. Kb4 Kb6 70. Kb3 Kc5 71.
Kc3 b4+ 72. Kb3 Kb5 73. Kb2 Kc4 74. Ka2 b3+ 75. Kb2 Kb4 76. Kb1 Ka3 77. Ka1 b2+
78. Kb1 Kb3 1/2-1/2

[Event "HUN Team League Csongrad Region 2018-19 "]
[Site "Csongrád County"]
[Date "2019.02.03"]
[Round "6.2"]
[White "Molnar, Gabor"]
[Black "Tornyai, Jeno"]
[Result "1-0"]
[WhiteElo "1967"]
[BlackElo "1896"]
[PlyCount "107"]
[EventDate "2018.09.30"]
[WhiteTeam "Makói SVSE III."]
[BlackTeam "Maróczy Géza SE VI."]

1. d4 d5 2. Bf4 e6 3. e3 Nf6 4. Nd2 c5 5. c3 Nc6 6. Ngf3 Bd6 7. Bg3 O-O 8. Bd3
h6 9. Qe2 c4 10. Bc2 b5 11. e4 Bxg3 12. hxg3 e5 13. Nxe5 Nxe5 14. dxe5 Ng4 15.
Nf3 Re8 16. O-O-O Bb7 17. exd5 Bxd5 18. Be4 Nf6 19. Bxd5 Nxd5 20. Qe4 Nf6 21.
Qc6 Qa5 22. exf6 Rac8 23. Qd6 Re6 24. Qa3 Qb6 25. Nd4 Rxf6 26. Qe7 a5 27. Rh5
g5 28. Rdh1 b4 29. Qe3 bxc3 30. Qxc3 Rd8 31. Nf3 Rd3 32. Qc2 g4 33. Ne1 Rxf2
34. Nxd3 Qe3+ 35. Kb1 Rxc2 36. Kxc2 cxd3+ 37. Kb1 Qe2 38. Rg1 d2 39. Rhh1 Qf2
40. Rd1 Qxg2 41. Rxh6 Qe4+ 42. Ka1 Qf3 43. Rhh1 Qxg3 44. Rxd2 Kg7 45. Rf1 Qe5
46. Rdf2 f6 47. Rf5 Qd4 48. R5f4 Qd7 49. Rxf6 a4 50. a3 Qd3 51. R6f4 Qh3 52.
Rg1 g3 53. Rf3 Qh2 54. Rgxg3+ 1-0

[Event "HUN Team League Csongrad Region 2018-19 "]
[Site "Csongrád County"]
[Date "2019.02.03"]
[Round "6.2"]
[White "Jojart, Zsolt"]
[Black "Balassy, Gabor"]
[Result "0-1"]
[WhiteElo "1590"]
[BlackElo "1816"]
[PlyCount "140"]
[EventDate "2018.09.30"]
[WhiteTeam "Maróczy Géza SE VI."]
[BlackTeam "Makói SVSE III."]

1. e4 c6 2. d4 d5 3. exd5 cxd5 4. Bd3 Nc6 5. c3 g6 6. Bf4 Bg7 7. Nd2 Nf6 8. h3
O-O 9. Ngf3 Nd7 10. O-O e5 11. dxe5 Ndxe5 12. Bc2 Nxf3+ 13. Nxf3 d4 14. c4 Be6
15. c5 Qd7 16. a3 a5 17. Rb1 Bf5 18. Bd3 Bxd3 19. Qxd3 Qd5 20. b4 axb4 21. axb4
Rfe8 22. Nd2 Ne5 23. Bxe5 Bxe5 24. f4 Bc7 25. Nc4 Ra2 26. Rf2 Rxf2 27. Kxf2
Bxf4 28. Kg1 Be3+ 29. Kh2 Bf4+ 30. g3 Bc7 31. Rd1 Qh5 32. Rd2 Qg5 33. Qf3 Rd8
34. Rf2 Qe7 35. Re2 Qd7 36. Qf6 Qd5 37. Nd6 d3 38. Ne8 Qd4 39. Rf2 Bxg3+ 40.
Kxg3 Qe3+ 41. Qf3 Qxe8 42. Rd2 Qe5+ 43. Qf4 Qe1+ 44. Kg2 Re8 45. Rf2 Qe4+ 46.
Kg3 Qd5 47. Qf3 Qxf3+ 48. Kxf3 Kf8 49. Rd2 Rd8 50. Ke4 Ke7 51. Ke5 f6+ 52. Ke4
Ke6 53. Rd1 d2 54. Ke3 Ke5 55. b5 Rd5 56. Rxd2 Rxd2 57. Kxd2 g5 58. Ke3 f5 59.
Kd3 Kd5 60. c6 bxc6 61. b6 Kd6 62. Kd4 c5+ 63. Kc4 Kc6 64. b7 Kxb7 65. Kxc5 g4
66. hxg4 fxg4 67. Kd4 h5 68. Ke4 Kc6 69. Kf4 Kd5 70. Kg3 Ke4 0-1

[Event "HUN Team League Csongrad Region 2018-19 "]
[Site "Csongrád County"]
[Date "2019.02.03"]
[Round "6.2"]
[White "Csibor, Andras"]
[Black "Lovaszi, Szabolcs"]
[Result "1-0"]
[WhiteElo "1788"]
[BlackElo "1488"]
[PlyCount "127"]
[EventDate "2018.09.30"]
[WhiteTeam "Makói SVSE III."]
[BlackTeam "Maróczy Géza SE VI."]

1. d4 g6 2. c4 Bg7 3. e4 d6 4. Nc3 Nc6 5. Be3 e5 6. d5 Nd4 7. Nge2 Nxe2 8. Bxe2
Ne7 9. Qd2 O-O 10. Bh6 f5 11. Bxg7 Kxg7 12. f3 Ng8 13. O-O-O f4 14. g4 fxg3 15.
hxg3 Qf6 16. Rh2 a6 17. Rdh1 h6 18. b4 Bd7 19. Rf1 Rf7 20. f4 Raf8 21. c5 Qe7
22. Qe3 Kh7 23. Bc4 Nf6 24. Be2 Ng8 25. Rhf2 Kg7 26. Kb2 Nf6 27. Rh2 Ng8 28. a3
Rf6 29. c6 Bc8 30. cxb7 Bxb7 31. Bg4 h5 32. Bh3 Nh6 33. Rhf2 Bc8 34. Bxc8 Rxc8
35. Qd2 Rcf8 36. Rf3 Qf7 37. Ne2 Ng4 38. Rc3 Qe7 39. Qc2 R8f7 40. Rc1 exf4 41.
gxf4 Nf2 42. Rxc7 Qxe4 43. Rxf7+ Rxf7 44. Qxe4 Nxe4 45. Nd4 Nf2 46. Nc6 Kf6 47.
Rf1 Ne4 48. a4 Rb7 49. Ka3 Nc3 50. Nd8 Rd7 51. Nc6 Nxd5 52. b5 axb5 53. axb5
Rb7 54. Nd4 Ra7+ 55. Kb3 Rc7 56. Rf3 Rc5 57. Ka3 Nc7 58. Kb4 Nd5+ 59. Ka5 Rc4
60. Rd3 Nxf4 61. Rd2 Ke7 62. b6 Kd7 63. Nb5 d5 64. b7 1-0

[Event "HUN Team League Csongrad Region 2018-19 "]
[Site "Csongrád County"]
[Date "2019.02.03"]
[Round "6.2"]
[White "Elekes, Lajos"]
[Black "Hajnal, Bence"]
[Result "1/2-1/2"]
[WhiteElo "1347"]
[BlackElo "1789"]
[PlyCount "81"]
[EventDate "2018.09.30"]
[WhiteTeam "Maróczy Géza SE VI."]
[BlackTeam "Makói SVSE III."]

1. g3 g6 2. c4 Bg7 3. d4 e6 4. Nf3 b6 5. Bg2 Bb7 6. O-O d6 7. Ne1 Bxg2 8. Nxg2
Ne7 9. e4 Nd7 10. Be3 h6 11. Nc3 a6 12. Rc1 g5 13. f4 f6 14. Qh5+ Kf8 15. fxg5
hxg5 16. Qg4 e5 17. Bxg5 exd4 18. Nd5 Nxd5 19. exd5 Ne5 20. Qf5 Nf7 21. Nf4
Nxg5 22. h4 Qc8 23. Qxc8+ Rxc8 24. hxg5 Kf7 25. Ne6 Rh3 26. Kg2 Rch8 27. gxf6
Rh2+ 28. Kf3 Bxf6 29. Nxc7 Kg6 30. Rf2 Rxf2+ 31. Kxf2 Rh2+ 32. Kf3 Rxb2 33.
Nxa6 d3 34. Rd1 d2 35. Ke2 Bg5 36. Nc7 Rxa2 37. Ne8 Ra3 38. Nxd6 Rxg3 39. Nc8
Re3+ 40. Kf1 Rf3+ 41. Ke2 1/2-1/2

[Event "HUN Team League Csongrad Region 2018-19 "]
[Site "Csongrád County"]
[Date "2019.02.03"]
[Round "6.2"]
[White "Jakso, Abel"]
[Black "Puskas, Mihaly"]
[Result "0-1"]
[WhiteElo "1552"]
[BlackElo "1314"]
[PlyCount "80"]
[EventDate "2018.09.30"]
[WhiteTeam "Makói SVSE III."]
[BlackTeam "Maróczy Géza SE VI."]

1. d4 d5 2. Nf3 Nc6 3. Bf4 Bf5 4. c3 e6 5. e3 Bd6 6. Bxd6 Qxd6 7. Bd3 Bg6 8.
Nbd2 Bxd3 9. Nb3 Bg6 10. O-O Nf6 11. Nc5 b6 12. Nd3 O-O 13. h3 Nd7 14. Nf4 f6
15. Nd3 e5 16. Nh4 Bxd3 17. Qxd3 e4 18. Qe2 f5 19. c4 dxc4 20. Qxc4+ Kh8 21.
Rac1 Rf6 22. Qb5 a6 23. Qa4 b5 24. Qb3 Rc8 25. Rc3 g5 26. Nxf5 Rxf5 27. Rfc1
Na5 28. Qd1 c5 29. Qg4 Rcf8 30. dxc5 Nxc5 31. Rd1 Qe5 32. b4 Qxc3 33. bxc5 Qxc5
34. Qxe4 Rxf2 35. Rd7 Qf5 36. Qe7 Rxg2+ 37. Kxg2 Qf2+ 38. Kh1 Qf1+ 39. Kh2 Rf2+
40. Kg3 Qg1# 0-1

[Event "HUN Team League Csongrad Region 2018-19 "]
[Site "Csongrád County"]
[Date "2019.02.03"]
[Round "6.2"]
[White "Szekeres, Mihály"]
[Black "Oláh, Tibor"]
[Result "0-1"]
[WhiteElo "1611"]
[BlackElo "1647"]
[PlyCount "76"]
[EventDate "2018.09.30"]
[WhiteTeam "Maróczy Géza SE VI."]
[BlackTeam "Makói SVSE III."]

1. d4 d5 2. e3 Nf6 3. h3 Bf5 4. Bd3 Bxd3 5. Qxd3 Nbd7 6. Nf3 e6 7. b3 a6 8.
Nbd2 b5 9. O-O c5 10. c4 dxc4 11. bxc4 b4 12. Bb2 Nb6 13. Rab1 g6 14. Rfd1 Na4
15. Ba1 Be7 16. Qc2 Qa5 17. Ne5 Rc8 18. a3 cxd4 19. axb4 Bxb4 20. Bxd4 Bxd2 21.
Rxd2 O-O 22. Qd3 Rfd8 23. Ra2 Qxe5 24. Rxa4 Qe4 25. Qd1 Nh5 26. Qe1 Qc6 27.
Rbb4 Qd6 28. c5 Qc6 29. Qf1 Ra8 30. Ra5 Nf4 31. Rb6 Qe4 32. Rbxa6 Rxa6 33. Rxa6
Rd5 34. Ra2 Rg5 35. g3 Nxh3+ 36. Kh2 Nxf2 37. Kg1 Rxg3+ 38. Kh2 Qh4+ 0-1

[Event "HUN Team League Csongrad Region 2018-19 "]
[Site "Csongrád County"]
[Date "2019.02.03"]
[Round "6.3"]
[White "Arato, Daniel"]
[Black "Csikos, Mihaly"]
[Result "0-1"]
[WhiteElo "1719"]
[BlackElo "2042"]
[PlyCount "62"]
[EventDate "2018.09.30"]
[WhiteTeam "Maróczy Géza SE V."]
[BlackTeam "Meritum SE II."]

1. d4 Nf6 2. c4 e6 3. Nc3 Bb4 4. Qc2 c5 5. dxc5 Bxc5 6. Nf3 Nc6 7. Bf4 O-O 8.
Rd1 d5 9. cxd5 Nb4 10. Qb1 Qb6 11. e3 Nbxd5 12. Bg3 Nxc3 13. bxc3 Bd7 14. Bd3
Qa5 15. Qb2 Ba4 16. Rd2 Bc6 17. Ke2 Nd5 18. c4 Nc3+ 19. Kf1 Ne4 20. Rd1 Bb4 21.
Nd4 Rad8 22. Qc2 Rxd4 23. exd4 Ba4 24. Qb1 Nc3 25. Bxh7+ Kh8 26. Qd3 Bxd1 27.
Kg1 Qh5 28. Be4 Ne2+ 29. Kf1 Nxd4 30. Kg1 Rd8 31. Qe3 Bd2 0-1

[Event "HUN Team League Csongrad Region 2018-19 "]
[Site "Csongrád County"]
[Date "2019.02.03"]
[Round "6.3"]
[White "Farkas, Sandor"]
[Black "Kocsmar, Akos"]
[Result "1/2-1/2"]
[WhiteElo "1907"]
[BlackElo "1756"]
[PlyCount "85"]
[EventDate "2018.09.30"]
[WhiteTeam "Meritum SE II."]
[BlackTeam "Maróczy Géza SE V."]

1. b4 e6 2. Bb2 Nf6 3. b5 c6 4. a4 d5 5. e3 a6 6. c4 axb5 7. axb5 Rxa1 8. Bxa1
Nbd7 9. Nf3 Be7 10. Be2 Qb6 11. Nc3 Nf8 12. O-O Ng6 13. Na4 Qd8 14. Ne5 Nxe5
15. Bxe5 dxc4 16. Bxc4 cxb5 17. Bxb5+ Bd7 18. Bxd7+ Qxd7 19. Qb3 Qxd2 20. Qxb7
Qd7 21. Qxd7+ Kxd7 22. Rd1+ Ke8 23. Nb6 Bd8 24. Nc8 Rg8 25. Nd6+ Ke7 26. Nb7
Nd7 27. Bd6+ Ke8 28. Ra1 Nb6 29. Bc5 Nc8 30. Ra8 Kd7 31. Bd4 Be7 32. Na5 f6 33.
Nc4 Rd8 34. f3 Ke8 35. Kf2 Nd6 36. Rxd8+ Kxd8 37. Nd2 Ke8 38. g4 Kd7 39. e4 Nb5
40. Bb2 Ba3 41. Ba1 Bc5+ 42. Kg3 Bd4 43. Bxd4 1/2-1/2

[Event "HUN Team League Csongrad Region 2018-19 "]
[Site "Csongrád County"]
[Date "2019.02.03"]
[Round "6.3"]
[White "Kis, Izabella"]
[Black "Fridrik, Richard"]
[Result "0-1"]
[WhiteElo "1455"]
[BlackElo "1784"]
[PlyCount "96"]
[EventDate "2018.09.30"]
[WhiteTeam "Maróczy Géza SE V."]
[BlackTeam "Meritum SE II."]

1. e4 e6 2. d4 d5 3. exd5 exd5 4. Nf3 Bd6 5. Nc3 Nf6 6. Bg5 c6 7. Bd3 O-O 8.
O-O Bg4 9. Be2 Nbd7 10. Re1 Qc7 11. h3 Bh5 12. Qd3 Bg6 13. Qd1 Rae8 14. Be3 Re7
15. Nh4 Ne4 16. Nxg6 hxg6 17. Nxe4 dxe4 18. Bc4 Nb6 19. Bb3 Nd5 20. c3 Kh7 21.
Bc2 f5 22. Bg5 Ree8 23. Qd2 Bf4 24. Bxf4 Nxf4 25. Re3 Nd5 26. Re2 Rf7 27. Rae1
Rfe7 28. Qg5 Qf4 29. Qxf4 Nxf4 30. Re3 Kh6 31. f3 Nd5 32. R3e2 e3 33. g3 f4 34.
c4 Nb6 35. b3 g5 36. Be4 Rd7 37. Rd1 Red8 38. d5 cxd5 39. cxd5 Nxd5 40. Rc2 Nb6
41. Rxd7 Rxd7 42. g4 Rd1+ 43. Kg2 Rd2+ 44. Rxd2 exd2 45. Bc2 Nd5 46. Kf2 Ne3
47. Bd1 Nxd1+ 48. Ke2 Nc3+ 0-1

[Event "HUN Team League Csongrad Region 2018-19 "]
[Site "Csongrád County"]
[Date "2019.02.03"]
[Round "6.3"]
[White "Fabian, Istvan"]
[Black "Keller, Peter"]
[Result "1-0"]
[WhiteElo "1747"]
[BlackElo "1422"]
[PlyCount "47"]
[EventDate "2018.09.30"]
[WhiteTeam "Meritum SE II."]
[BlackTeam "Maróczy Géza SE V."]

1. Nf3 Nf6 2. g3 d5 3. Bg2 e6 4. O-O Bd6 5. b3 O-O 6. Bb2 Nbd7 7. c4 c6 8. d3
Re8 9. d4 Qc7 10. c5 Bf8 11. Nbd2 b6 12. b4 Rb8 13. Qc2 Bb7 14. Rfe1 a5 15. a3
Be7 16. e4 dxe4 17. Nxe4 Nd5 18. Neg5 N7f6 19. cxb6 Nxb6 20. bxa5 Nbd5 21. Ne5
h6 22. Ngxf7 Bf8 23. Qg6 Ne7 24. Nxh6+ 1-0

[Event "HUN Team League Csongrad Region 2018-19 "]
[Site "Csongrád County"]
[Date "2019.02.03"]
[Round "6.4"]
[White "Koszta, Benedek"]
[Black "Gyugyi, Peter"]
[Result "1/2-1/2"]
[WhiteElo "2017"]
[BlackElo "1950"]
[PlyCount "112"]
[EventDate "2018.09.30"]
[WhiteTeam "Maróczy Géza SE IV."]
[BlackTeam "Üllési ISE"]

1. e4 d5 2. exd5 Nf6 3. d4 Nxd5 4. c4 Nb6 5. Nc3 e5 6. dxe5 Qxd1+ 7. Kxd1 Nc6
8. Nb5 Bg4+ 9. f3 O-O-O+ 10. Ke1 Be6 11. Bg5 Bb4+ 12. Kf2 Rd7 13. Nh3 Bc5+ 14.
Kg3 h6 15. Bc1 a6 16. Nc3 Nxe5 17. Ne4 Bd4 18. Nf4 Bxc4 19. Bxc4 Nexc4 20. Rb1
f5 21. Nf2 Be5 22. Kh3 Bxf4 23. Bxf4 g5 24. Bc1 Re8 25. b3 Re2 26. bxc4 Rxf2
27. Be3 Rxa2 28. Bxb6 cxb6 29. Rxb6 g4+ 30. fxg4 fxg4+ 31. Kxg4 Rxg2+ 32. Kf3
Rc2 33. Rxh6 Rxc4 34. Rb1 Rcd4 35. Rhb6 R4d6 36. h4 Rxb6 37. Rxb6 Kc7 38. Rb1
b5 39. Ke4 Kb6 40. Rg1 b4 41. h5 Kc5 42. h6 Rh7 43. Rg6 a5 44. Kd3 Kb5 45. Kc2
Rc7+ 46. Kb2 Rc5 47. h7 Rh5 48. Rg5+ Rxg5 49. h8=Q Rg2+ 50. Kc1 Rg1+ 51. Kd2
Rg2+ 52. Ke3 Rg3+ 53. Kf4 Rc3 54. Qe8+ Kc4 55. Qa4 Ra3 56. Qc6+ Kb3 1/2-1/2

[Event "HUN Team League Csongrad Region 2018-19 "]
[Site "Csongrád County"]
[Date "2019.02.03"]
[Round "6.4"]
[White "Szekeres, Janos"]
[Black "Borus, Andras"]
[Result "1-0"]
[WhiteElo "1911"]
[BlackElo "2029"]
[PlyCount "83"]
[EventDate "2018.09.30"]
[WhiteTeam "Üllési ISE"]
[BlackTeam "Maróczy Géza SE IV."]

1. e4 c5 2. d4 cxd4 3. c3 d3 4. c4 d6 5. Nc3 Nf6 6. Bxd3 Nc6 7. Nf3 g6 8. O-O
Bg7 9. h3 O-O 10. Be3 Nd7 11. Qe2 Nc5 12. Rac1 Bd7 13. Rfd1 Qc8 14. Nd5 Re8 15.
b4 Nxd3 16. Qxd3 Bxh3 17. gxh3 Qxh3 18. Bd2 Nd4 19. Ne1 Qxd3 20. Nxd3 Ne2+ 21.
Kf1 Nxc1 22. Rxc1 Rac8 23. Be3 e6 24. N5f4 b6 25. b5 Rc7 26. Nb4 Rec8 27. Nc6
Rxc6 28. bxc6 Rxc6 29. Nd3 Kf8 30. Nb4 Rc7 31. Ke2 Ke7 32. Kd3 Bf6 33. f4 Kd7
34. f5 d5 35. fxe6+ fxe6 36. exd5 exd5 37. Nxd5 Rc6 38. Rf1 Bd8 39. Rf7+ Kd6
40. Rxh7 a5 41. Rg7 Ke5 42. Rd7 1-0

[Event "HUN Team League Csongrad Region 2018-19 "]
[Site "Csongrád County"]
[Date "2019.02.03"]
[Round "6.4"]
[White "Tenk, Zoltan"]
[Black "Benke, Andras"]
[Result "1/2-1/2"]
[WhiteElo "1913"]
[BlackElo "1781"]
[PlyCount "59"]
[EventDate "2018.09.30"]
[WhiteTeam "Maróczy Géza SE IV."]
[BlackTeam "Üllési ISE"]

1. e4 c5 2. Nf3 d6 3. d4 cxd4 4. Nxd4 Nf6 5. Nc3 a6 6. Be2 e5 7. Nf3 b5 8. Bg5
Be7 9. Bxf6 Bxf6 10. Nd5 Nd7 11. O-O O-O 12. c4 bxc4 13. Bxc4 Nb6 14. Nxb6 Qxb6
15. Bd5 Ra7 16. b3 Bg4 17. Qd3 a5 18. Nd2 Kh8 19. Nc4 Qd8 20. Ne3 Be6 21. Rfd1
Be7 22. Nc4 Bg4 23. f3 Bd7 24. Qe3 Qb8 25. Rac1 h6 26. g3 Bb5 27. Qd2 Bd8 28.
Kg2 Bxc4 29. Rxc4 Bb6 30. a3 1/2-1/2

[Event "HUN Team League Csongrad Region 2018-19 "]
[Site "Csongrád County"]
[Date "2019.02.03"]
[Round "6.4"]
[White "Molnar, Jeno"]
[Black "Pluhar, Andras"]
[Result "0-1"]
[WhiteElo "1610"]
[BlackElo "1871"]
[PlyCount "78"]
[EventDate "2018.09.30"]
[WhiteTeam "Üllési ISE"]
[BlackTeam "Maróczy Géza SE IV."]

1. e4 e5 2. Nf3 Nc6 3. Nc3 Bb4 4. Bc4 Nf6 5. Bd5 d6 6. a3 Bc5 7. Na4 Bb6 8.
Nxb6 axb6 9. c3 Nxd5 10. exd5 Ne7 11. c4 Bg4 12. d3 c6 13. dxc6 bxc6 14. O-O
O-O 15. Qe2 Bh5 16. Qe4 f5 17. Qh4 Bxf3 18. gxf3 f4 19. Kh1 Nf5 20. Qh3 Qh4 21.
Qg4 Rf6 22. Bd2 Raf8 23. Bc3 Qh6 24. Rg1 Rg6 25. Qxg6 hxg6 26. Rg4 Qh3 27. Rag1
Qxf3+ 28. R1g2 Ng3+ 29. R4xg3 fxg3 30. hxg3 Rf5 31. g4 Rf4 32. Kg1 Qd1+ 33. Kh2
Rxg4 34. Rxg4 Qxg4 35. Bb4 d5 36. cxd5 cxd5 37. Bc3 Kf7 38. Kh1 Ke6 39. Bd2
Qf3+ 0-1

[Event "HUN Team League Csongrad Region 2018-19 "]
[Site "Csongrád County"]
[Date "2019.02.03"]
[Round "6.4"]
[White "Blazsik, Zoltan"]
[Black "Heintz, Sebestyen"]
[Result "1-0"]
[WhiteElo "1663"]
[BlackElo "1671"]
[PlyCount "41"]
[EventDate "2018.09.30"]
[WhiteTeam "Maróczy Géza SE IV."]
[BlackTeam "Üllési ISE"]

1. e4 e5 2. Nf3 Nc6 3. c3 d6 4. d4 Bg4 5. Be2 Bxf3 6. Bxf3 exd4 7. cxd4 Nf6 8.
Nc3 Qd7 9. O-O Be7 10. Re1 O-O 11. Be3 Na5 12. Qe2 a6 13. Rad1 Qc8 14. b4 Nc6
15. a3 h6 16. Bf4 Nh7 17. Qc4 Ng5 18. Be2 Rd8 19. h3 Nxe4 20. Bg4 d5 21. Nxd5
1-0

[Event "HUN Team League Csongrad Region 2018-19 "]
[Site "Csongrád County"]
[Date "2019.02.03"]
[Round "6.4"]
[White "Gabor, Geza"]
[Black "Lakatos, Alfred"]
[Result "1-0"]
[WhiteElo "1547"]
[BlackElo "1542"]
[PlyCount "97"]
[EventDate "2018.09.30"]
[WhiteTeam "Üllési ISE"]
[BlackTeam "Maróczy Géza SE IV."]

1. e4 c5 2. d4 cxd4 3. Nf3 d5 4. Qxd4 e6 5. Nc3 Nc6 6. Bb5 a6 7. Bxc6+ bxc6 8.
O-O c5 9. Qe5 f6 10. Qg3 d4 11. Ne2 e5 12. b3 a5 13. a4 Ba6 14. Re1 Qc7 15. Ba3
Rd8 16. Nc1 Ne7 17. Nd3 Ng6 18. h3 c4 19. bxc4 Bxc4 20. Bxf8 Kxf8 21. Rec1 Rb8
22. Nxd4 Qd7 23. Nf5 Qa7 24. Kh2 Rd8 25. Rd1 Bxd3 26. Rxd3 Kf7 27. h4 Rxd3 28.
cxd3 Rg8 29. Rb1 Ne7 30. Rb7 Qxb7 31. Nd6+ Ke6 32. Nxb7 Nc6 33. Qg4+ Ke7 34.
Nc5 Kd6 35. Ne6 h5 36. Qh3 g5 37. Qf5 Ne7 38. Qxf6 Rg6 39. Qf8 Kxe6 40. hxg5
Rxg5 41. Qd8 h4 42. Qxa5 h3 43. g3 Rg6 44. Kxh3 Rf6 45. Qb5 Kf7 46. Kg2 Nc6 47.
a5 Ke7 48. a6 Kd6 49. Qb7 1-0

[Event "HUN Team League Csongrad Region 2018-19 "]
[Site "Csongrád County"]
[Date "2019.02.03"]
[Round "6.4"]
[White "Veres, Sandor"]
[Black "Hodi, Adam"]
[Result "1-0"]
[WhiteElo "1491"]
[BlackElo "1212"]
[PlyCount "67"]
[EventDate "2018.09.30"]
[WhiteTeam "Maróczy Géza SE IV."]
[BlackTeam "Üllési ISE"]

1. d4 d5 2. c4 c6 3. Nc3 Nf6 4. Nf3 Bf5 5. Bg5 Nbd7 6. e3 Be4 7. cxd5 cxd5 8.
Bb5 e6 9. O-O Be7 10. Ne5 O-O 11. Nxd7 Nxd7 12. Bxe7 Qxe7 13. Bd3 Bxd3 14. Qxd3
f5 15. Ne2 Rad8 16. Rac1 Nf6 17. a3 Nh5 18. Rc3 f4 19. exf4 Nxf4 20. Nxf4 Rxf4
21. g3 Qg5 22. Qe3 Rf5 23. Qxe6+ Rf7 24. Rc8 Rxc8 25. Qxc8+ Rf8 26. Qxb7 Qf5
27. Qxa7 Qe4 28. Qc5 Qe6 29. Qc3 Rc8 30. Qd2 Qb6 31. Rd1 Rb8 32. b4 Qa6 33. Qe3
Kf8 34. Qf4+ 1-0